| 000 | 00516 a2200169 4500 | ||
|---|---|---|---|
| 999 |
_c9302 _d9302 |
||
| 020 | _a139781844809462 | ||
| 050 | _aHG 4026 LUM 2011 | ||
| 100 |
_aLumby, S. _eauthor |
||
| 245 |
_aCorporate finance : _btheory and practice / _cStephen Lumby and Chris Jones |
||
| 250 | _a8th edition | ||
| 264 |
_aHampshire : _bCengage Learning, _c2011. |
||
| 300 |
_axxv, 726p.: _bill. |
||
| 500 | _aIncludes index | ||
| 650 |
_aCorporations _xFinance. |
||
| 700 |
_aJones, C. _eauthor |
||
| 942 |
_2lcc _cBK _h4026 _iLUM _kHG _e8th edition |
||